000 00306nam a22001337a 4500
008 190227b xxu||||| |||| 00| 0 eng d
020 _a9780534593971
041 _aeng
080 _26th
_a371
100 _a25
101 _aEDU
245 _aThe Essential College Experience
_cJewler, E
942 _2udc
_cBK
999 _c54364
_d54364